<?xml version="1.0" encoding="UTF-8"?><?xml-stylesheet type="text/xsl" href="static/style.xsl"?><OAI-PMH xmlns="http://www.openarchives.org/OAI/2.0/" xmlns:xsi="http://www.w3.org/2001/XMLSchema-instance" xsi:schemaLocation="http://www.openarchives.org/OAI/2.0/ http://www.openarchives.org/OAI/2.0/OAI-PMH.xsd"><responseDate>2026-04-14T04:04:43Z</responseDate><request verb="GetRecord" identifier="oai:www.recercat.cat:20.500.12327/2774" metadataPrefix="marc">https://recercat.cat/oai/request</request><GetRecord><record><header><identifier>oai:recercat.cat:20.500.12327/2774</identifier><datestamp>2025-10-22T11:31:05Z</datestamp><setSpec>com_2072_4428</setSpec><setSpec>com_2072_4427</setSpec><setSpec>col_2072_487898</setSpec></header><metadata><record xmlns="http://www.loc.gov/MARC21/slim" xmlns:dcterms="http://purl.org/dc/terms/" xmlns:xsi="http://www.w3.org/2001/XMLSchema-instance" xmlns:doc="http://www.lyncode.com/xoai" xsi:schemaLocation="http://www.loc.gov/MARC21/slim http://www.loc.gov/standards/marcxml/schema/MARC21slim.xsd">
   <leader>00925njm 22002777a 4500</leader>
   <datafield ind2=" " ind1=" " tag="042">
      <subfield code="a">dc</subfield>
   </datafield>
   <datafield ind2=" " ind1=" " tag="720">
      <subfield code="a">López Valiñas, Álvaro</subfield>
      <subfield code="e">author</subfield>
   </datafield>
   <datafield ind2=" " ind1=" " tag="720">
      <subfield code="a">Valle, Marta</subfield>
      <subfield code="e">author</subfield>
   </datafield>
   <datafield ind2=" " ind1=" " tag="720">
      <subfield code="a">Pérez, Marta</subfield>
      <subfield code="e">author</subfield>
   </datafield>
   <datafield ind2=" " ind1=" " tag="720">
      <subfield code="a">Darji, Ayub</subfield>
      <subfield code="e">author</subfield>
   </datafield>
   <datafield ind2=" " ind1=" " tag="720">
      <subfield code="a">Chiapponi, Chiara</subfield>
      <subfield code="e">author</subfield>
   </datafield>
   <datafield ind2=" " ind1=" " tag="720">
      <subfield code="a">Ganges, Llilianne</subfield>
      <subfield code="e">author</subfield>
   </datafield>
   <datafield ind2=" " ind1=" " tag="720">
      <subfield code="a">Segalés, Joaquim</subfield>
      <subfield code="e">author</subfield>
   </datafield>
   <datafield ind2=" " ind1=" " tag="720">
      <subfield code="a">Núñez, José I.</subfield>
      <subfield code="e">author</subfield>
   </datafield>
   <datafield ind2=" " ind1=" " tag="260">
      <subfield code="c">2023-09-15</subfield>
   </datafield>
   <datafield ind2=" " ind1=" " tag="520">
      <subfield code="a">Influenza A viruses (IAVs) are characterized by having a segmented genome, low&#xd;
proofreading polymerases, and a wide host range. Consequently, IAVs are&#xd;
constantly evolving in nature causing a threat to animal and human health. In&#xd;
2009 a new human pandemic IAV strain arose in Mexico because of a&#xd;
reassortment between two strains previously circulating in pigs; Eurasian&#xd;
“avian-like” (EA) swine H1N1 and “human-like” H1N2, highlighting the&#xd;
importance of swine as adaptation host of avian to human IAVs. Nowadays,&#xd;
although of limited use, a trivalent vaccine, which include in its formulation H1N1,&#xd;
H3N2, and, H1N2 swine IAV (SIAV) subtypes, is one of the most applied strategies&#xd;
to reduce SIAV circulation in farms. Protection provided by vaccines is not&#xd;
complete, allowing virus circulation, potentially favoring viral evolution. The&#xd;
evolutionary dynamics of SIAV quasispecies were studied in samples collected&#xd;
at different times from 8 vaccinated and 8 nonvaccinated pigs, challenged with&#xd;
H1N2 SIAV. In total, 32 SIAV genomes were sequenced by next-generation&#xd;
sequencing, and subsequent variant-calling genomic analysis was carried out.&#xd;
Herein, a total of 364 de novo single nucleotide variants (SNV) were found along&#xd;
all genetic segments in both experimental groups. The nonsynonymous&#xd;
substitutions proportion found was greater in vaccinated animals suggesting&#xd;
that H1N2 SIAV was under positive selection in this scenario. The impact of each&#xd;
substitution with an allele frequency greater than 5% was hypothesized&#xd;
according to previous literature, particularly in the surface glycoproteins&#xd;
hemagglutinin and neuraminidase. The H1N2 SIAV quasispecies evolution&#xd;
capacity was evidenced, observing different evolutionary trends in vaccinated&#xd;
and nonvaccinated animals.</subfield>
   </datafield>
   <datafield ind1="8" ind2=" " tag="024">
      <subfield code="a">López-Valiñas, Álvaro, Marta Valle, Marta Sonia González Pérez, Ayub Darji, Chiara Chiapponi, Llilianne Ganges, Joaquím Segalés, and José I. Núñez. 2023. “Genetic Diversification Patterns in Swine Influenza A Virus (H1N2) in Vaccinated and Nonvaccinated Animals.” Frontiers in Cellular and Infection Microbiology 13: 1258321. doi: 10.3389/fcimb.2023.1258321.</subfield>
   </datafield>
   <datafield ind1="8" ind2=" " tag="024">
      <subfield code="a">2235-2988</subfield>
   </datafield>
   <datafield ind1="8" ind2=" " tag="024">
      <subfield code="a">http://hdl.handle.net/20.500.12327/2774</subfield>
   </datafield>
   <datafield ind1="8" ind2=" " tag="024">
      <subfield code="a">https://doi.org/10.3389/fcimb.2023.1258321</subfield>
   </datafield>
   <datafield ind2="0" ind1="0" tag="245">
      <subfield code="a">Genetic diversification patterns in swine influenza A virus (H1N2) in vaccinated and nonvaccinated animals</subfield>
   </datafield>
</record></metadata></record></GetRecord></OAI-PMH>